000 07021nam a22006497a 4500
005 20100901121139.0
010 _aB-410287-324
020 _c375.00
035 _aB-410287-324
037 _bDisha Publication
082 _a530
100 _aAgarwal, Deepak
_917875
245 _aDisha's IIT-JEE Physics Challenger :
_cby Deepak Agarwal
_baligned as per latest CBSE board/NCERT books /
260 _aNew Delhi
_bDisha Publications
_c2010
270 _aB-32, Shivalik Main Road, Malviya Nagar
_bNew Delhi
_e110017
300 _a712p. :
_c28 cm. (Pbk)
942 _2ddc
_cEN
_mAGA
_h530
999 _c35883
_d35883